000 00954nam a22002535i 4500
001 176459
003 ES-MaACL
005 20250829131836.0
008 110117s1967 sp |||| | spa d
080 _a2:37
080 _a27-534.4
100 1 _aMathieu, Dominique.
_9144784
245 1 3 _aLa parábola del fariseo y del recaudador
_b: orientaciones bíblicas y reflexiones pedagógicas para una iniciación al sentido del pecado /
_cpor Dominique Mathieu.
260 _aMadrid :
_bApostolado de la prensa,
_cimp. 1967.
300 _a28 p. ;
_c23 cm.
490 1 _aCuadernos de pedagogía religiosa. Escritura ;
_v16
650 4 _aReligión-
_xEnseñanza.
_9144779
650 _aParábolas cristianas.
_9171877
710 0 _aApostolado de la Prensa.
_91403
830 0 0 _aCuadernos de pedagogía religiosa
_v16
_9190056
852 _aES-MaACL
_jE-14073 (16)
_xOlim P-1242
852 _aES-MaACL
_jC-37117(16)
999 _c176459
_d176459